[Event "LSS OP-2008-0-00550"]
[Site "LSS email"]
[Date "2008.06.03"]
[Round "?"]
[White "Jingco, Gabriel"]
[Black "Zakharov, Oleg Yu"]
[Result "0-1"]
[WhiteElo "1607"]
[BlackElo "2205"]
[PlyCount "26"]
[EventDate "2008.05.31"]
[EventType "tourn (corr)"]
[EventRounds "4"]
[EventCountry "GER"]
[SourceTitle "Corr 2022"]
[Source "ChessBase"]
[SourceDate "2021.10.24"]
[SourceVersion "1"]
[SourceVersionDate "2021.10.24"]
[SourceQuality "1"]

1. e4 c5 2. Nc3 Nc6 3. g3 g6 4. Bg2 Bg7 5. Nge2 Nf6 6. d3 d6 7. h3 Be6 8. 0-0 h5 9. f4 Qc8 10. e5 dxe5 11. Be3 Bxh3 12. Bxc5 h4 13. Rf2 hxg3 0-1